000 00752nam a22002417a 4500
003 DO-SdBNP
005 20231004091929.0
008 180205b nq| 00| 0 spa d
040 _aBPMSU
_bspa
_cBPMSU
082 4 _a361.68
_bS471r 1998
_222
111 2 _aSeminario Internacional Sobre Sistemas de Pensiones
_d(1998 :
_cManagua )
245 1 3 _aLa ruta del cambio
260 _aManagua :
_bInstituto Nicaranguense de Seguridad Social,
_c1998
300 _a376 p. ;
_c23 cm
590 _aInventariado, 2023/VM
650 4 _aPensiones
650 4 _aSeguridad social
710 2 _aInstituto Nicaraguense de Seguridad Social
910 _aVMateo V. Control de calidad BPMSU
942 _2ddc
_cBK
945 _ainventariado, 2018 / dg
956 _adgarcia
_b10
999 _c13254
_d13254